| 000 | 01951nam0a2200325 4500 | ||
|---|---|---|---|
| 001 | RU\NLR\BIBL_A\011457730 | ||
| 005 | 20241114224455.0 | ||
| 010 |
_a9785941785520 _9100 |
||
| 021 |
_aRU _b2017-55313 _93936 |
||
| 035 | _a(RuMoRGB)008946761 | ||
| 035 | _a(NLR Aleph) 011457730 | ||
| 090 |
_a11786122 _c11786122 |
||
| 100 | _a20170817d2017 km y0rusy50 ca | ||
| 101 | 0 | _arus | |
| 102 | _aRU | ||
| 105 | _ay j 000zy | ||
| 200 | 1 |
_aВероятностные и статистические методы оценки надёжности элементов и систем электроэнергетики: теория, примеры, задачи _eучебное пособие для студентов, осваивающих образовательные программы бакалавриата и магистратуры по направлению подготовки "Агроинженерия" _fБ. В. Папков, В. Л. Осокин |
|
| 210 |
_aСтарый Оскол _cТНТ _d2017 |
||
| 215 |
_a423 с. _cил. _d21 |
||
| 320 | _aБиблиогр.: с. 417-421 (67 назв.) | ||
| 606 | 1 |
_aЭлектроэнергетические системы _jУчебные издания для высших учебных заведений _xРасчет _xСтатистические методы _92316335 _3RU\NLR\AUTH\6601611252 |
|
| 606 |
_aЭлектроэнергетические системы _jУчебные издания для высших учебных заведений _xНадежность _xРасчет _92589795 _3RU\NLR\AUTH\661530545 |
||
| 686 |
_aЗ27-022.11я73-1 _2rubbk |
||
| 686 | 1 | _aЗ27-021.1с11я73-1 | |
| 700 | 1 |
_aПапков _bБ. В. _cд-р техн. наук _gБорис Васильевич _9139304 _3RU\NLR\AUTH\770139339 |
|
| 701 | 1 |
_aОсокин _bВ. Л. _gВладимир Леонидович |
|
| 942 | _cBOOK | ||
| 980 | _aNBR | ||